Does The Flag Have Blue? - Statistics

General Stats
  • This quiz has been taken 280 times
    265 since last reset
  • The average score is 17 of 20
Answer Stats
Hint Answer % Correct
Israel Blue
95%
Algeria No Blue
90%
Hungary No Blue
90%
Oman No Blue
90%
Philippines Blue
89%
Seychelles Blue
88%
Cameroon No Blue
88%
Solomon Islands Blue
87%
East Timor No Blue
87%
Kenya No Blue
86%
Guyana No Blue
83%
Brazil Blue
82%
Lesotho Blue
81%
Togo No Blue
81%
Zimbabwe No Blue
81%
Azerbaijan Blue
80%
Djibouti Blue
80%
Mauritius Blue
74%
Nepal Blue
72%
Vanuatu No Blue
53%
No matching quizzes found
Score Distribution
Percent of People with Each Score
Percentile by Number Answered
Your Score History
You have not taken this quiz since the last reset